Dictionnaire alphabétique and analogique de la langue francaise
Guardat en:
| Autor principal: | |
|---|---|
| Format: | Llibre |
| Idioma: | francès |
| Publicat: |
París
S.N.L
1977
|
| Matèries: | |
| Etiquetes: |
Afegir etiqueta
Sense etiquetes, Sigues el primer a etiquetar aquest registre!
|
MARC
| LEADER | 00000nam a2200000 a 4500 | ||
|---|---|---|---|
| 001 | UCI4268 | ||
| 003 | CL-VaPUC | ||
| 008 | 080111e19770000FR |||||||||||||||||fre|d | ||
| 020 | |a 2850360309 | ||
| 082 | 0 | 4 | |a 443 |b ROB |2 21 |
| 100 | 0 | |a Robert, Paul |e author |9 526064 | |
| 245 | 1 | 0 | |a Dictionnaire alphabétique and analogique de la langue francaise |
| 300 | |a 2171 p | ||
| 942 | |c BK | ||
| 945 | |d 20080111 00:00:00 |a rbrito | ||
| 260 | |a París |b S.N.L |c 1977 | ||
| 500 | |a Donación Padres Capuchinos | ||
| 650 | 0 | |a Diccionarios |9 256200 | |
| 650 | 7 | |a FRANCES |2 CL-VaPUC |9 259059 | |
| 583 | |a last modification |c 20080111 00:00:00 |k Rodrigo Vera | ||
| 999 | |c 328225 |d 328223 | ||
| 952 | |0 0 |1 0 |4 0 |6 443_000000000000000_ROB_1977 |7 0 |8 X |9 412026 |a FDOBUD |b FDOBUD |d 2019-11-22 |i 4401166 |o 443 ROB 1977 |p 4401166 |r 2019-11-22 |w 2019-11-22 |y BK_X |k BUD | ||